| 000 | 00675nam a22001697a 4500 | ||
|---|---|---|---|
| 999 |
_c60737 _d60737 |
||
| 005 | 20231016163030.0 | ||
| 008 | 231016s1982 ru ||||| |||| 00| 0 rus d | ||
| 041 | _arus | ||
| 080 | _a93(07) И-91 | ||
| 245 |
_aИсточниковедение Древней Греции : _b(эпоха эллинизма) / _cПод ред. В.И.Кузищина. |
||
| 264 |
_aМосква : _bИзд-во МГУ, _c1982. |
||
| 300 |
_a240 стр. _bил.; _c22 см. |
||
| 653 | _aძველი საბერძნეთი | ||
| 653 | _aელინისტური ეპოქა | ||
| 700 |
_aКузищина, В.И. _eრედაქტორი _920096 |
||
| 942 |
_2udc _cBK |
||